Introduction to computer secutiry (Record no. 17871)

MARC details
000 -LEADER
fixed length control field 00461nam a2200169Ia 4500
008 - FIXED-LENGTH DATA ELEMENTS--GENERAL INFORMATION
fixed length control field 230917s9999||||xx |||||||||||||| ||und||
020 ## - ISBN
Price RS689
040 ## - CATALOGING SOURCE
-- 231483
Original cataloging agency VIVEKANANDA LIBRARY
041 ## - Language
-- English
082 ## - DDC NUMBER
Classification number 005.8 B541I
100 ## - MAIN ENTRY--PERSONAL NAME
Personal name Bishop, Matt
245 #0 - TITLE STATEMENT
Title Introduction to computer secutiry
260 ## - PUBLICATION, DISTRIBUTION, ETC. (IMPRINT)
Place of publication, distribution, etc New Delhi
Name of publisher, distributor, etc Pearson Education India
Date of publication, distribution, etc 2012
300 ## - PHYSICAL DESCRIPTION
Pages xxix, 585 p.
500 ## - GENERAL NOTE
General note 2269 01/02/2016 HBD15/1721 01/03/2016 Main Budget
942 ## - ADDED ENTRY ELEMENTS (KOHA)
Koha item type Books
Holdings
Withdrawn status Lost status Damaged status Not for loan Location (home branch) Sublocation or collection (holding branch) Date acquired Koha issues (times borrowed) Koha full call number Accession No. Koha date last seen Koha item type
        VIVEKANANDA LIBRARY VIVEKANANDA LIBRARY 22/03/2016   005.8 B541I 352357 17/09/2023 Books
        VIVEKANANDA LIBRARY VIVEKANANDA LIBRARY 22/03/2016   005.8 B541I 352358 17/09/2023 Books
© Designed and Maintained by Vivekananda Library, MDU Rohtak